| 000 | 00418cam a2200157ua 4500 | ||
|---|---|---|---|
| 041 |
_aeng _h |
||
| 082 |
_a620.0042 _bWAL/ME |
||
| 100 | _aWaldron, Manjula B . | ||
| 245 | 0 | 0 |
_aMechanical design: Theory and methodology / _cManjula B Waldron. _hTextual Documents |
| 260 |
_aNew York : _bSpringer , _c1996. |
||
| 300 | _a ; . | ||
| 504 | _a | ||
| 700 | 1 | _aWaldron, Kenneth J . | |
| 942 | _cBK | ||
| 999 |
_c13507 _d13507 |
||